Logos That Start With B - Statistics

General Stats
  • This quiz has been taken 91 times
  • The average score is 7 of 16
Answer Stats
Picture Answer % Correct
BMW
91%
Burger King
86%
Bic
71%
BP
70%
Bitcoin
69%
Beats
60%
Best Buy
53%
Bayer
48%
Buick
38%
Bank of America
35%
Budweiser
31%
Boeing
25%
Bluey
21%
Blue Bunny
19%
Budlight
16%
Bugles
9%
No matching quizzes found
Score Distribution
Percent of People with Each Score
Percentile by Number Answered
Your Score History
You have not taken this quiz